| 000 | 00676cam a22002054a 4500 | ||
|---|---|---|---|
| 020 | _a0821350706 | ||
| 040 | _cDLC | ||
| 082 | 0 | 0 | _a363 WOR 2004 |
| 100 | 1 | _aKessides, Ioannis Nicolaos. | |
| 245 | 1 | 0 |
_aReforming infrastructure : _bprivatization, regulation, and competition. |
| 260 |
_aWashington, DC : _bWorld Bank ; _a[New York, NY.] : _bOxford University Press, _cc2004. |
||
| 300 |
_axv, 306 p. : _bill. ; _c24 cm. |
||
| 650 | 0 | _aPublic utilities. | |
| 650 | 0 | _aPrivatization. | |
| 650 | 0 | _aPublic utilities | |
| 650 | 0 | _aInfrastructure (Economics) | |
| 710 | 2 | _aWorld Bank. | |
| 856 | 4 | 2 | _uhttp://www.loc.gov/catdir/enhancements/fy0617/2004043841-d.html |
| 942 | _cEK | ||
| 999 |
_c11323 _d11323 |
||